Normal view
MARC view
Entry Personal Name
001 - CONTROL NUMBER
- control field: 167782
003 - CONTROL NUMBER IDENTIFIER
- control field: OSt
005 - DATE AND TIME OF LATEST TRANSACTION
- control field: 20220923224115.0
008 - FIXED-LENGTH DATA ELEMENTS
- fixed length control field: 220923|| aca||aabn | a|a d
040 ## - CATALOGING SOURCE
- Original cataloging agency: OSt
- Transcribing agency: OSt
100 ## - HEADING--PERSONAL NAME
- Personal name: शास्त्री, देवव्रत; चतुर्वेदी, बनारसीदास, संपा
670 ## - SOURCE DATA FOUND
- Source citation: Work cat.: (OSt)369287: शास्त्री, देवव्रत; चतुर्वेदी, बनारसीदास, संपा., गणेशशंकर विद्यार्थी, 2002
